|
|
|
|
| LEADER |
00000nas a2200000 a 4500 |
| 001 |
ssj0001699 |
| 003 |
WaSeSS |
| 005 |
20200512172242.0 |
| 006 |
m d |
| 007 |
cr n |
| 008 |
000829c19999999ne br pss 0 b0eng c |
| 010 |
|
|
|a 00208362
|
| 016 |
7 |
|
|a 2028853-0
|2 DE-600
|
| 022 |
|
|
|a 1532-1916
|l 1521-6918
|y 1521-6918
|
| 035 |
|
|
|a (WaSeSS)ssj0001699
|
| 037 |
|
|
|b Harcourt Brace & Co., Ltd., 24-28 Oval Rd., London NW1 7DX UK
|
| 040 |
|
|
|a COU
|b eng
|c COU
|d DLC
|d NSD
|d OCLCQ
|d NSD
|d OCLCQ
|d OCL
|d OCLCQ
|d OCLCS
|d NSD
|d OCLCQ
|d NOC
|d BUF
|d OCLCQ
|d OPELS
|d CLU
|d OPELS
|d OCLCF
|d SERSO
|d OCLCO
|d OCLCQ
|d OCLCO
|d OCLCQ
|d DGU
|d OCLCQ
|d U3W
|d EZC
|d OCLCO
|d FQM
|d OCLCO
|d AU@
|d OCLCO
|d WYU
|d OCLCO
|d OCLCA
|d TKN
|d OCLCO
|d OCLCA
|d VT2
|d OCLCO
|d SFB
|d OCLCA
|d CNMTR
|d WaSeSS
|
| 042 |
|
|
|a nsdp
|a pcc
|
| 050 |
|
4 |
|a RC799
|
| 082 |
1 |
0 |
|a 616
|2 13
|
| 130 |
0 |
|
|a Baillière's best practice and research in clinical gastroenterology (Online)
|
| 210 |
0 |
|
|a Baillière's best pract. res. clin. gastroenterol.
|b (Online)
|
| 222 |
|
0 |
|a Baillière's best practice and research in clinical gastroenterology
|b (Online)
|
| 245 |
1 |
0 |
|a Baillière's best practice and research in clinical gastroenterology
|h [electronic resource].
|
| 246 |
3 |
0 |
|a Best practice and research in clinical gastroenterology
|
| 260 |
|
|
|3 1999- :
|a [London] :
|b Baillière Tindall :
|b Harcourt,
|c ©1999-
|
| 260 |
3 |
|
|3 <2013-> :
|a Amsterdam :
|b Elsevier
|
| 310 |
|
|
|a Bimonthly,
|b 2000-
|
| 321 |
|
|
|a Quarterly,
|b 1999-
|
| 362 |
1 |
|
|a Began with vol. 13, no. 1 (Apr. 1999).
|
| 500 |
|
|
|a Title from volume contents page (viewed Aug. 29, 2000).
|
| 506 |
|
|
|a License restrictions may limit access.
|
| 588 |
|
|
|a Latest issue consulted: Volume 27, issue 3 (June 2013) (ScienceDirect, viewed September 11, 2013).
|
| 650 |
|
0 |
|a Gastroenterology
|v Periodicals.
|
| 650 |
|
0 |
|a Gastrointestinal system
|x Diseases
|v Periodicals.
|
| 650 |
|
7 |
|a Gastroenterology.
|2 fast
|0 (OCoLC)fst00938842
|
| 650 |
|
7 |
|a Gastrointestinal system
|x Diseases.
|2 fast
|0 (OCoLC)fst00938871
|
| 650 |
1 |
2 |
|a Gastrointestinal Diseases
|v Electronic Journals.
|
| 650 |
1 |
2 |
|a Gastrointestinal Diseases
|v Periodicals.
|
| 650 |
1 |
2 |
|a Gastrointestinal Diseases.
|
| 655 |
|
0 |
|a Electronic journals.
|
| 776 |
0 |
8 |
|i Print version:
|t Baillière's best practice & research. Clinical gastroenterology
|x 1521-6918
|w (DLC)sn 98009283
|w (OCoLC)39851974
|
| 780 |
0 |
0 |
|t Baillière's clinical gastroenterology (Online)
|x 1878-0873
|w (DLC) 2010236794
|w (OCoLC)57707664
|
| 856 |
4 |
0 |
|z Full text available from Research Library: 02/01/2003 to 2 months ago
|u https://search.proquest.com/publication/1226366
|